| 000 | 00586cam a2200193 i 4500 | ||
|---|---|---|---|
| 999 |
_c58804 _d58804 |
||
| 001 | 17547608 | ||
| 005 | 20220913125335.0 | ||
| 008 | 121203s2013 enka b 001 0 eng | ||
| 020 | _a9780415532365 | ||
| 041 | _aeng | ||
| 080 | _a81'255.2 G-58 | ||
| 100 | 1 |
_aGillies, Andrew _d _99728 |
|
| 245 | 1 | 0 |
_aConference Interpreting : _ba student's practice book / _cAndrew Gillies. |
| 264 | 1 |
_aLondon : _bRoutledge, _c2013. |
|
| 300 |
_a285 pages : _billustrations ; _c24 cm. |
||
| 653 | _aკონფერენცია | ||
| 653 | _aთარგმანები | ||
| 942 |
_2udc _cBK |
||